000 00486pam a2200157 4500
020 _a0023427000
050 0 0 _aT353
_b.G52 1974
100 1 _aGiesecke, Frederick E.
_d1869-1953.
245 1 0 _aTechnical drawing
_c[by] Frederick E. Giesecke [and others]
250 _a6th ed.
_brevised by Henry Cecil Spencer and Ivan Leroy Hill.
260 _aNew York,
_bMacmillan
_c[1974]
300 _aix, 867 p.
700 1 _aSpencer, Henry Cecil,
700 1 _aHill, Ivan Leroy.
942 _2lcc
_cGEN
999 _c14430
_d14430